The Grand Budapest Hotel Cast - Sudden Death - Statistics

General Stats
  • This quiz has been taken 28 times
  • The average score is 5 of 14
Answers on the Grid
Answers color-coded by a green-red scale on the quiz's grid according to % correct below.
Willem Dafoe
Bob Balaban
Jodie Foster
Sam Rockwell
Frances McDormand
Ralph Fiennes
Anjelica Huston
Nick Frost
Lea Seydoux
Jeffrey Wright
Alec Baldwin
Waris Ahluwalia
Meryl Streep
Tilda Swinton
Saoirse Ronan
Jeff Goldblum
Harvey Kietel
George Clooney
Thomasin McKenzie
Bill Murray
Luke Wilson
Gene Hackman
Sydney Sweeney
Ernie Hudson
Tony Revolori
Verne Troyer
Edward Norton
Michael Gambon
Jason Schwartzman
Jackie Earle Haley
Jared Harris
Naomi Watts
 
Answer Stats
Answer % Correct
Willem Dafoe
81%
Ralph Fiennes
71%
Jeff Goldblum
48%
Bob Balaban
43%
Bill Murray
38%
Jason Schwartzman
38%
Edward Norton
33%
Lea Seydoux
29%
Tilda Swinton
29%
Tony Revolori
29%
Harvey Kietel
24%
Saoirse Ronan
19%
Verne Troyer
10%
Waris Ahluwalia
10%
No matching quizzes found
Score Distribution
Percent of People with Each Score
Percentile by Number Answered
Your Score History
You have not taken this quiz